000 00812nam a2200229Ii 4500
003 JO-AjNU
008 230605s9999||||xx |||||||||||||| ||und||
017 _a2010/4/1272
020 _a9957-16-620-5
040 _aJO-AjNU
_bara
_erda
_cJO-AjNU
041 _aara
050 1 4 _aKMM177.3.R3264.2011
100 3 _a ربيع ، عماد محمد,
_eauthor
_931196
245 0 0 _aحجية الشهادة في الإثبات الجزائي " دراسة مقارنة "
250 _aط1
264 3 1 _aعمان : دار الثقافة ، 2011
300 _a437ص
336 _atext
_btxt
_2rdacontent
337 _aunmediated
_bn
_2rdamedia
338 _avolume
_bnc
_2rdacarrier
650 4 _aالشهادة ( محاكم ) -- الجريمة -- القانون الجنائي -- الفقة الإسلامي
_931197
999 _aA12452
_c16020
_d16020